Culture générale - numéro 19 - Statistiques

Statistiques générales
  • Ce quiz a été pris 184 fois
  • Le résultat moyen est 8 sur 15
Statistiques - réponses
Question Réponse % Correct
Quel habit portent les judokas? Kimono
89%
Quel pays a pour capitale Nairobi? Kenya
75%
Quel nom est donné plus couramment au chlorure de sodium? Sel
75%
Quel compositeur a écrit la lettre à Élise? Beethoven
73%
Quel arbre apparaît sur le drapeau du Liban? Cèdre
66%
Quelle est l'unité de mesure de la force, de symbole N? Newton
64%
Quel est l'état américain le plus à l'Ouest? Alaska
59%
Quel cousin sauvage du cochon vit en Afrique? Phacochère
56%
Comment se nomme le 6ème tome de la saga Harry Potter? H.P et le prince de sang mêlé
53%
Dans quel pays se trouve la ville de Schengen, où ont été signés des accords? Luxembourg
45%
Quel département français porte le numéro 50? Manche
42%
Quel nom est donné à une bouteille de 3 litres? Jéroboam
33%
Quelle est la plus haute distinction militaire? Légion d'honneur
29%
Quel est l'unique pays se terminant par la lettre H? Bangladesh
21%
Quel surnom est donné à la fourmi Paraponera, en raison de sa piqûre douloureuse? Balle de fusil
17%
Aucun quiz correspondant
Distribution des résultats
% des personnes avec chaque résultat
Percentile par nombre de réponses
Votre historique - résultats
Vous n’avez pas pris ce quiz